Quizzes
Events
Quiz Creation
Community
Videos
Private Events
Remove Ads
Sign In
Join for FREE
Feedback
Dark Mode
Quiz Categories
Sports
Geography
Music
Movies
Television
Just For Fun
Miscellaneous
History
Literature
Language
Science
Gaming
Entertainment
Religion
Holiday
For Kids
Quiz Lab
Recent
Popular Today
Quiz Kudos Today
Editor Picks
Curator Picks
Quizzes by...
Day
Popularity
Type
Ratings
Length
Year
Community
Subscriptions
Recent Discussions
Orange Saloon
Badges
Playlists
Quests
Create
Leaderboards
Showdown
Live 5
Trivia Bingo
Activity
Puzzle Library
Sporcle Events
Private Events
Virtual Trivia
Globe League
Become a Host
Pub Owners
SporcleCon
Opinionation
Our Games
Videos
Blog
Mobile Apps
Partnerships
Remove Ads and Go Orange
Feedback
Music
Pop Music
The Beatles
Song
Album
Lyrics
Bands
Singers
Artist
Clip
Rock
Rap
Classical
Billboard
Country Music
Kpop
Taylor Swift
Music
Pop Music
The Beatles
Song
Album
Lyrics
Bands
Singers
Artist
Clip
Rock
Rap
Classical
Billboard
Country Music
Kpop
Taylor Swift
Random Quiz
Search Sporcle
×
Quiz Lab
Quiz Lab
Music
Song
Type in answers that appear in a list
Type in answers that appear in a list
Classic
Best Score? Go Orange.
Lyrical Names Part 2 Stats
Can you name the missing names?
By
DragonNo4
10m
30 Questions
54 Plays
54 Plays
54 Plays
Comments
Comments
Give Quiz Kudos
Give Quiz Kudos
-
- Ratings
hide this ad
Replay
Link that replays current quiz
Next Quiz
Link to next quiz in quiz playlist
You Got
0%
They Got
Avg Score
33%
Avg Friend Score
Upgrade to see
Score Distribution
Jump to the score distribution portion of the page
Score
0/30
Timer
10:00
0
Plays Today
Lyrics
Name
% Correct
But when you think _
_
_
McGraw, I hope you think my favorite song
Tim
83.3%
Hit the road _
_
_
_
_
and don't you come back no more no more
Jack
81.5%
_
_
_
_
_
_
, you don't have to wear that dress tonight, walk the streets for money
Roxanne
70.4%
Sweet _
_
_
_
_
good times never seemed so good
Caroline
64.8%
Such a dirty mind, always get it up for a touch of the younger kind, my my my woo m-
m-
m-
my _
_
_
_
_
_
_
_
Sharona
57.4%
Oh black _
_
_
_
bambalam, Whoa black _
_
_
bambalam
Betty
55.6%
The south side of Chicago is the baddest part of town and if you go down there you best beware of a man named _
_
_
_
_
Brown
Leroy
53.7%
Like _
_
_
_
Stalin and Gandhi
Josef
50%
He says his name's _
_
_
_
_
but I'm sure he's Bill or Billy or Mac or Buddy
William
42.6%
Now eleven million later I was sitting at the bar I bought the house a double and the waitress a new car _
_
_
_
_
Yoakam's in the corner trying to catch my eye
Dwight
40.7%
I'm gonna take you by surprise and make you realize, _
_
_
_
_
_
Amanda
38.9%
Levon wears his war wound like a crown He calls his child _
_
_
_
_
_
because he likes the name
Jesus
37%
There was something in the air that night, the stars were bright _
_
_
_
_
They were shining down for you and me, for liberty, _
_
_
_
_
_
_
Fernando
33.3%
Billy Joe shot a man while robbing his castle _
_
_
_
(2 words) took the money and run
Bobbie Sue
33.3%
Daddy didn't give attention to the fact that Mommy didn't care, King _
_
_
_
_
the Wicked ruled his world
Jeremy
33.3%
Lyrics
Name
% Correct
I thought I saw him walking out over the hills with Abraham and _
_
_
_
_
_
and John
Martin
27.8%
Go go go _
_
_
_
_
_
go go go _
_
_
_
_
go go
Johnny
27.8%
We're only making plans for _
_
_
_
_
we only want what's best for him
Nigel
22.2%
When I dance they call me _
_
_
_
_
_
and the boys say that I'm buena
Macarena
18.5%
_
_
_
_
_
_
says I'm done with Sergio
Jane
16.7%
This is a story about a girl named _
_
_
_
_
Early morning she wakes up knock knock knock at the door
Lucky
14.8%
Was born a son to _
_
_
_
_
of Macedon, the legend his name was Alexander
Philip
14.8%
I tried to be like Grace Kelly but all her looks were too sad so I tried a little _
_
_
_
_
I've gone identity mad
Freddie
14.8%
Well well well you just can't tell well well well my _
_
_
_
_
_
Michelle
13%
_
_
_
_
_
_
x4 Due to lack of interest, tomorrow let the clocks be reset and the pendulums heldis canceled
Ruby
11.1%
_
_
_
_
_
_
paint your pictures about how it's gonna be
Jessie
9.3%
_
_
_
_
_
_
I believe that when you're dancing sucking your sleeve the boys get lonely after you leave
Chelsea
9.3%
Oh, _
_
_
_
_
_
I had a girl _
_
_
_
was her name since she left me, I've never been the same
Donna
7.4%
My _
_
_
_
_
there were some blue and sorrow times just my thoughts of you bring back my peace of mind
Maria
7.4%
They call me the wild rose but my name was _
_
_
_
_
Day, why they call me it I do not know for my name was _
_
_
_
_
Day
Elisa
5.6%
Quiz Playlist
Details
Report
Send in Message
Add To Playlist
Classic:
Type in answers that appear in a list
Quiz Source
Last Updated: Feb 16, 2017
Quiz Scoreboard
CHALLENGE
Sign Up to Join the Scoreboard
Show All
Scores
Hide
Comments
May contain spoilers
Recently Published
9x9 Crossword: Cartoon Network
by jackfrog10
Miscellaneous
3m
College Basketball Coaching Resumes
by pancakes188
Sports
9m
Billboard Blitz: Fleetwood Mac
by CooCooCachoo
Music
15s
More to Explore
Quiz From the Vault
Featured Blog Post
Where Did the Easter Bunny Come From?
hide this ad
You Might Also Like...
Tags
Artist Quiz
Lyrics Quiz
Song Quiz
Today's Top Quizzes in Music
Browse Music
hide this ad
Today's Top Quizzes in Song
Browse Song
Top Contributed Quizzes in Music
1
Taylor Swift All Songs (2024)
2
Guess the Artist- 70s Songs
3
7-to-1: Billboard Hot 100 #1 Hits of 2010s
4
Sorting Albums and Songs
5
Taylor Swift Logic Puzzle
6
KPOP LOGIC QUIZ
7
Guess the Taylor Swift song (Mystery Song)
8
Guess The Taylor Swift Lyrics Song #1
9
Billboard Blitz: ABBA
10
One Thing in Common: Music
Explore More
Trending Topics
Crossword
Disney
Kpop
Marvel
NBA
Anime
Harry Potter
Song
Country
Soccer
Pokémon
Puzzle
NFL
The Office
WWE
hide this ad
More By:
DragonNo4
Quiz
Plays
Rating
Category
Featured
Created
Song Lyrics Match-Up
124,884
4.04
Music
Mar 29, 2012
Song Title Word Association
109,722
4.42
Music
Apr 20, 2010
Song Lyrics Match-Up II
104,864
4.19
Music
Mar 29, 2012
TV Shows by Episode Titles
55,967
4.13
Television
Nov 29, 2010
Song Lyrics Match-Up III
55,283
4.23
Music
Mar 29, 2012
Go to Creator's Profile
Score Distribution
Quiz Creator Spotlight
DragonNo4
Follow
Send a Message
Quizzes Created
-
Created Quiz Play Count
-
More By This Creator
Popular Quizzes Today
1
Find the US States - No Outlines Minefield
2
Find the Countries of Europe - No Outlines Minefield
3
The Countries of the World
4
Find the US States
5
Risky Map Clicking: Biggest States A-Z
6
US States
7
Popular People in 1961
8
Movies - When Are They Set?
More Music Quizzes
Hide Your 'B' Albums
Editor's Pick
Trending Quizzes
Risky Map Clicking: Least Populous States A-Z
1-10 Letter G Words
1-10 Letter F Words
Risky Map Clicking: Next State Alphabetically
Adjectives in 80s TV Shows
Recently Updated
Leaping Animals
pecheneg
Reality TV Shows (A-Z)
bhenderson79
Rickey Henderson's Hall of Fame Teammates
pecheneg
Champions League XIs: Arsenal
pecheneg
Quick Pick: Celebrities in WWE's Hall of Fame
aduchscher
A-Z Keypad Blitz II
pecheneg
Multiple Oscar Actors
pecheneg
Mystery Phrase Blitz: Oscar 'Best Actors'
pecheneg
F. Scott Fitzgerald Novels
LTH
Pick 3 Villains
ddd62291
Trending Topics
Crossword
Kpop
Harry Potter
Marvel
Anime
Disney
NBA
WWE
Song
Country
NFL
Pokémon
Soccer
Puzzle
The Office
Your Account Isn't Verified!
In order to create a playlist on Sporcle, you need to verify the email address you used during registration. Go to your
Sporcle Settings
to finish the process.
Report this User
Report this user for behavior that violates our
Community Guidelines
.
Details:
Send Report
Go to the Sporcle.com Mobile Site →
Comments